000
00312pab a2200121 454500
008
180718b xxu||||| |||| 00| 0 eng d
100
_a
Dang, Satyapal
245
_a
Theocratic demands must be resisted
650
_a
Punjab
650
_a
Punjab - Politics and Government
773
_a
Times of India
909
_a
21883
999
_c
21883
_d
21883